|
|
|
|
| LEADER |
01245nam a2200325 a 4500 |
| 001 |
EBC726845 |
| 003 |
MiAaPQ |
| 005 |
20200520144314.0 |
| 006 |
m o d | |
| 007 |
cr cn||||||||| |
| 008 |
110419s2011 cauad sb 000 0 eng d |
| 010 |
|
|
|z 2011927723
|
| 020 |
|
|
|z 9780833052131 (pbk. : alk. paper)
|
| 020 |
|
|
|a 9780833052254 (electronic bk.)
|
| 035 |
|
|
|a (MiAaPQ)EBC726845
|
| 035 |
|
|
|a (Au-PeEL)EBL726845
|
| 035 |
|
|
|a (CaPaEBR)ebr10477362
|
| 035 |
|
|
|a (OCoLC)746754983
|
| 040 |
|
|
|a MiAaPQ
|c MiAaPQ
|d MiAaPQ
|
| 050 |
|
4 |
|a HE336.E3
|b S53 2011
|
| 100 |
1 |
|
|a Shatz, Howard J.
|
| 245 |
1 |
0 |
|a Highway infrastructure and the economy
|h [electronic resource] :
|b implications for federal policy /
|c Howard J. Shatz ... [et al.].
|
| 260 |
|
|
|a Santa Monica, Calif. :
|b RAND Corp.,
|c 2011.
|
| 300 |
|
|
|a xxiv, 90 p. :
|b ill.
|
| 504 |
|
|
|a Includes bibliographical references.
|
| 533 |
|
|
|a Electronic reproduction. Ann Arbor, MI : ProQuest, 2015. Available via World Wide Web. Access may be limited to ProQuest affiliated libraries.
|
| 650 |
|
0 |
|a Roads
|x Economic aspects.
|
| 655 |
|
4 |
|a Electronic books.
|
| 710 |
2 |
|
|a ProQuest (Firm)
|
| 856 |
4 |
0 |
|u https://ebookcentral.proquest.com/lib/matrademy/detail.action?docID=726845
|z Click to View
|